ბათუმის შოთა რუსთაველის სახელმწიფო უნივერსიტეტის ბიბლიოთეკა

ჩვენი საუნჯე:ქართული მწერლობა ოც ტომად. ტ.19 მიხეილ ჯავახიშვილი:არსენა მარაბდელი (ბიბ.ჩანაწერი № 48357)

000 -LEADER
fixed length control field 00992nam a2200229Ia 4500
001 - CONTROL NUMBER
control field 15245
003 - CONTROL NUMBER IDENTIFIER
control field GE_BSU
008 - FIXED-LENGTH DATA ELEMENTS--GENERAL INFORMATION
fixed length control field 181216s||||||||xx |||||||||||||| ||und||
040 ## - CATALOGING SOURCE
Transcribing agency GE_BSU
080 ## - UNIVERSAL DECIMAL CLASSIFICATION NUMBER
Universal Decimal Classification number 821.353.1+821.353.1-1
245 ## - TITLE STATEMENT
Title ჩვენი საუნჯე:ქართული მწერლობა ოც ტომად. ტ.19 მიხეილ ჯავახიშვილი:არსენა მარაბდელი
245 ## - TITLE STATEMENT
Statement of responsibility, etc. რედ.დ.ჩხიკვიშვილი. მხატვ.ლ.გრიგოლია
260 ## - PUBLICATION, DISTRIBUTION, ETC.
Place of publication, distribution, etc. თბილისი
260 ## - PUBLICATION, DISTRIBUTION, ETC.
Name of publisher, distributor, etc. ნაკადული
260 ## - PUBLICATION, DISTRIBUTION, ETC.
Date of publication, distribution, etc. 1961
300 ## - PHYSICAL DESCRIPTION
Extent 580გვ.23სმ.
520 ## - SUMMARY, ETC.
Summary, etc. შენიშვნები გვ.570-578
653 ## - INDEX TERM--UNCONTROLLED
Uncontrolled term მიხეილ ჯავახიშვილი:არსენა მარაბდელი
653 ## - INDEX TERM--UNCONTROLLED
Uncontrolled term ქართული მწერლობა
653 ## - INDEX TERM--UNCONTROLLED
Uncontrolled term ჩვენი საუნჯე
942 ## - ADDED ENTRY ELEMENTS (KOHA)
Koha item type წიგნი
ეგზემპლარები
Withdrawn status Lost status Damaged status Not for loan Date acquired Barcode Date last seen Price effective from Koha item type
        2018-12-17 38364 2018-12-17 2018-12-17 წიგნი